Test wiedzy o Nowej Zelandii - Statystyki

Ogólne statystyki
  • Ten quiz został rozwiązany 17 razy
  • Średni wynik to 4 z 9
Statystyki odpowiedzi
Pytanie Odpowiedz % Poprawnych
Stolica Wellington
92%
Waluta Dolar nowozelandzki
75%
Ulubiony sport Rugby
67%
Najbardziej zaludnione miasto Auckland
58%
Ludność rdzenna Maorysi
50%
Najbardziej znana drużyna wspomnianego sportu All blacks
33%
Rok nadania kobietom prawa do głosowania 1893
25%
Najwyższy szczyt Mount Cook
25%
Ustrój Demokracja parlamentarna
17%
Nie znaleziono quizów pasujących do podanych kryteriów
Rozkład punktacji
Procent ludzi z każdym wynikiem
Percentyl według liczby udzielonych odpowiedzi
Twoja historia wyników
Nie rozwiązałeś tego quizu